Statistiques concernant Personnages d'anime en images - W, X, Y et Z

Cliquez ici pour prendre le quiz!

Statistiques générales

  • Ce quiz a été pris 171 fois
  • Le résultat moyen est 9 sur 20

Statistiques - réponses

Réponse% Correct
Roronoa Zoro
96%
Zenitsu Agatsuma
83%
Yugi Moto
82%
Zabuza Momochi
73%
Ymir
67%
Yamcha
66%
Wendy Marvel
59%
Zero Two
53%
Zeno Zoldik
51%
Zeleph Dragnir
48%
Xavier Froster
40%
Winry Rockbell
35%
Yukiteru Amano
32%
Yuno Gasai
29%
Zeldris
28%
Yubaba
23%
Zangetsu
23%
Yuri Katsuki
19%
Wamuu
16%
Quillsh Wammy
12%

Distribution des résultats

Percentile par nombre de réponses

% des personnes avec chaque résultat

Votre développement - résultats

Vous n’avez pas pris ce quiz